Armes Médiévale #1 - Statistiques

Statistiques générales
  • Ce quiz a été pris 108 fois
  • Le résultat moyen est 5 sur 16
Statistiques - réponses
Par images Réponse % Correct
arbalète
95%
hache
88%
hallebarde
83%
lance
80%
glaive
63%
claymore
36%
épée a deux main
26%
épée a une main
15%
pilum
15%
bouclier normand
8%
scutum
8%
vouge
8%
bardiche
6%
hache danoise
5%
goupillon
4%
montante
4%
Aucun quiz correspondant
Distribution des résultats
% des personnes avec chaque résultat
Percentile par nombre de réponses
Votre historique - résultats
Vous n’avez pas pris ce quiz